000 00675nam a2200229 4500
001 45852
021 _b36876-2000
090 _a45852
100 _a20060927d2000 k y0pory5003 ba
101 0 _apor
102 _aPT
200 1 _aImagens do século no mundo
_fed. lit. e autor do texto António Rego Chaves
_gsel. fot. João Coutinho
_gLeonel Gonçalves
210 _a[S.l.]
_cDiário de Noticias
_d2000
215 _a207, [1] p.
_cil.
_d31 cm
225 2 _aLivro de ouro
675 _a930.24(084.12)
675 _a77
_vBN
_zpor
702 1 _aChaves
_bAntónio Rego
_4070
_4340
702 1 _aCoutinho
_bRui
_4600
710 _aDiário de Noticias
801 0 _aPT
_bESEJPG
_gRPC
990 _cLIVROS